Central Library OPAC University of Rajshahi

From simple numbers to the calculus : (Record no. 51090)

MARC details
000 -LEADER
fixed length control field 00871nam a2200253 a 4500
001 - CONTROL NUMBER
control field 51090
003 - CONTROL NUMBER IDENTIFIER
rucl marc code BD-RjUL
005 - DATE AND TIME OF LATEST TRANSACTION
control field 20211209075617.0
008 - FIXED-LENGTH DATA ELEMENTS--GENERAL INFORMATION
fixed length control field 160829s1954 enka 000 0 eng d
035 ## - SYSTEM CONTROL NUMBER
System control number (BD-RjUL)51210
040 ## - CATALOGING SOURCE
Original cataloging agency TXA
Transcribing agency TXA
Modifying agency UKM
-- EQO
-- BD-RjUL
Language of cataloging eng
041 1# - LANGUAGE CODE
Language code of text/sound track or separate title eng
Language code of original ger
082 04 - DEWEY DECIMAL CLASSIFICATION NUMBER
Classification number 510
Edition number 23
Author mark and year COF 1954
100 1# - MAIN ENTRY--PERSONAL NAME
Personal name Colerus, Egmont,
Dates associated with a name 1888-1939.
9 (RLIN) 152837
245 10 - TITLE STATEMENT
Title From simple numbers to the calculus :
Remainder of title mathematics for everyman /
Statement of responsibility, etc. by Egmont Colerus ; translated by B. C. and H. F. Brookes.
260 ## - PUBLICATION, DISTRIBUTION, ETC. (IMPRINT)
Place of publication, distribution, etc. London :
Name of publisher, distributor, etc. William Heinemann Ltd.,
Date of publication, distribution, etc. 1954.
300 ## - PHYSICAL DESCRIPTION
Pagination 255 p. :
Illustrations ill. ;
Size 20 cm.
500 ## - GENERAL NOTE
General note Translation of 'Vom Einmaleins zum Integral'.
650 #0 - SUBJECT ADDED ENTRY--TOPICAL TERM
Topical term or geographic name as entry element Mathematics.
9 (RLIN) 152838
700 1# - ADDED ENTRY--PERSONAL NAME
Personal name Brookes, B. C.
Fuller form of name (Bertram Claude)
Personal name Brookes, H. F.
942 ## - ADDED ENTRY ELEMENTS (KOHA)
Source of classification or shelving scheme Dewey Decimal Classification
Koha item type Books
Holdings
Lost status Source of classification or shelving scheme Damaged status Not for loan Collection code Permanent Location Current Location Shelving location Date acquired Source of acquisition Cost, normal purchase price Total Checkouts Full call number Date last seen Copy number Koha item type
  Dewey Decimal Classification     Non-fiction Central Library, University of Rajshahi Central Library, University of Rajshahi   22/09/1955 B. H. Blackwell 12.60   510 COF 1954 29/08/2016 C-2 Books